| 000 | 00686nam a22002297a 4500 | ||
|---|---|---|---|
| 003 | OSt | ||
| 005 | 20140310181734.0 | ||
| 008 | 130319t xxu||||| |||| 00| 0 eng d | ||
| 020 | _a0867346116 | ||
| 050 |
_aLB 1576 _b.B154 1993 |
||
| 082 |
_aTRE 808 _b.B15 1993 |
||
| 100 |
_aBailey, Richard _92402 |
||
| 245 |
_aA creative writing classroom : _bninety minutes of writing a week / _cRichard Bailey |
||
| 260 |
_aTorrance, CA : _bFrank Schaffer Publications, Inc. , _cc1993. |
||
| 300 |
_aiv, 92 p. _bill. ; _c27 cm. |
||
| 521 | _aFaculty | ||
| 541 | _j1 | ||
| 562 | _e1 | ||
| 650 |
_aWriting exercises _92403 |
||
| 650 |
_aFreewriting _92404 |
||
| 942 |
_2lcc _cBK-TR _kTRE |
||
| 999 |
_c2506 _d2506 |
||